Komentár k opatreniu k individuálnej účtovnej závierke podnikateľov

Opatrenie MF SR č. 4455/2003-92 z 31. marca 2003, ktorým sa ustanovujú podrobnosti o usporiadaní, označovaní a obsahovom vymedzení položiek individuálnej účtovnej závierky a rozsahu údajov určených z individuálnej účtovnej závierky na zverejnenie pre podnikateľov účtujúcich v sústave podvojného účto...

Ausführliche Beschreibung

Gespeichert in:
Bibliographische Detailangaben
1. Verfasser: Farkaš, Richard
Format: Buchkapitel
Sprache:Slowakisch
Schlagworte:
Tags: Tag hinzufügen
Keine Tags, Fügen Sie das erste Tag hinzu!

MARC

LEADER 00000naa$a2200000$$$4500
001 0005838
005 20231109111329.9
041 0 |a slo 
044 |a SK 
245 1 0 |a Komentár k opatreniu k individuálnej účtovnej závierke podnikateľov  |c Richard Farkaš 
520 |a Opatrenie MF SR č. 4455/2003-92 z 31. marca 2003, ktorým sa ustanovujú podrobnosti o usporiadaní, označovaní a obsahovom vymedzení položiek individuálnej účtovnej závierky a rozsahu údajov určených z individuálnej účtovnej závierky na zverejnenie pre podnikateľov účtujúcich v sústave podvojného účtovníctva v znení opatrenia č. 25 167/2003-92. 
610 2 0 |a závierka účtovná 
610 2 0 |a opatrenia 
610 2 0 |a komentáre 
610 2 0 |a podnikatelia 
610 2 0 |a účtovníctvo podvojné 
100 1 |a Farkaš, Richard